000 00428nam a2200181Ia 4500
005 20250423100515.0
008 250422s9999 xx 000 0 und d
020 _a0721637531
050 _aRM 300 .A8/
100 _aAsperheim, Mary Kay
245 0 _aPharmacology: an introductory text
250 _a7th ed.
260 _aPhiladelphia :
260 _bSaunders,
260 _c 1992.
300 _a260 p
942 _cBK
999 _c33516
_d33516